Un modelo de entrada y competencia en telecomunicaciones
I tiakina i:
| Ngā kaituhi matua: | , |
|---|---|
| Hōputu: | Pukapuka |
| Reo: | Pāniora |
| I whakaputaina: |
Santiago
Universidad Alberto Hurtado
2006
|
| Rangatū: | Serie Documentos de Investigación, I-171
|
| Ngā marau: | |
| Ngā Tūtohu: |
Tāpirihia he Tūtohu
Kāore He Tūtohu, Me noho koe te mea tuatahi ki te tūtohu i tēnei pūkete!
|
MARC
| LEADER | 00000nam a2200000 a 4500 | ||
|---|---|---|---|
| 001 | UCJ2290 | ||
| 003 | CL-VaPUC | ||
| 008 | 061207e20060000CL |||||||||||||||||spa|d | ||
| 082 | 0 | 4 | |a 332.67 |b SAA |2 21 |
| 100 | 0 | |a Saavedra, Eduardo |e author |9 503288 | |
| 700 | 0 | |a Mancero, Xavier |e author |9 503289 | |
| 245 | 1 | 3 | |a Un modelo de entrada y competencia en telecomunicaciones |
| 300 | |a 28 p | ||
| 942 | |c BK | ||
| 945 | |d 20061207 00:00:00 |a cmena | ||
| 260 | |a Santiago |b Universidad Alberto Hurtado |c 2006 | ||
| 600 | 0 | 7 | |a TELEFONIA |2 CL-VaPUC |9 503290 |
| 650 | 0 | |a Telecomunicaciones |9 257195 | |
| 650 | 0 | |a Proyectos de inversión |9 261065 | |
| 650 | 0 | |a Investigación de mercado |9 332310 | |
| 650 | 0 | |a Competitividad |9 308495 | |
| 583 | |a last modification |c 20141114 05:27:10 |k Rodrigo Vera | ||
| 490 | 0 | |a Serie Documentos de Investigación, I-171 | |
| 999 | |c 318638 |d 318636 | ||
| 952 | |0 0 |1 0 |4 0 |6 332_670000000000000_SAA_2006 |7 0 |8 A |9 396585 |a BIBING |b BIBING |d 2019-11-22 |i 4300912 |o 332.67 SAA 2006 |p 4300912 |r 2025-01-20 |w 2019-11-22 |y BK |k ING | ||